000 00370 a2200109 4500
001 ART_6240
005 20260410161619.0
008 260409a
245 1 0 _aAICPA. Aplicación de nuevo estándar para contadores CPA que prestan servicios de valuación de negocios
100 1 _aChalupowicz, Daniel
773 0 _tEnfoques
_g- Nº 8 (ago. 2008)
_wREV416
999 _c11352
_d11352